000 00445nam a2200157Ia 4500
003 OSt
005 20200618110639.0
008 190216s9999||||xx |||||||||||||| ||und||
040 _coclc
082 _a954
_bBAS/C
100 _aBasham, A L
_93038
245 0 _aA Cultural History Of India /
_cA L Basham
260 _bOxford University Press,
_c1984.
_aDelhi:
300 _a585p
942 _cBK
_2ddc
_h954
_iBAS/C
_k954
_mBAS/C
999 _c19476
_d19476